Statistics for 90 secs World Capitals: by last 2 Letters

Click here to take the quiz!

General Stats

  • This quiz has been taken 2,863 times
  • The average score is 73 of 196

Answer Stats

Capital City% Correct
Asuncion
87%
Kingston
87%
Lisbon
87%
London
87%
Washington
87%
Wellington
87%
Apia
75%
Brasilia
75%
Monrovia
75%
Nicosia
75%
Praia
75%
Pretoria
75%
Sofia
75%
Victoria
75%
Accra
71%
Ankara
71%
Asmara
71%
Bujumbura
71%
Canberra
71%
Honiara
71%
Berlin
70%
Dublin
70%
Port-of-Spain
70%
Astana
64%
Havana
64%
Ljubljana
64%
N'Djamena
64%
Pristina
64%
Tirana
64%
Vienna
64%
Amman
63%
Bandar Seri Begawan
63%
Belmopan
63%
Tehran
63%
Yerevan
63%
Paris
59%
Port Louis
59%
Tunis
59%
Andorra la Vella
58%
Kampala
58%
Manila
58%
Port-Vila
58%
Bogota
54%
Dodoma
54%
Jakarta
54%
Lima
54%
Manama
54%
Panama
54%
Valletta
54%
Ottawa
51%
Tarawa
51%
Oslo
50%
Guatemala City
47%
Kuwait City
47%
Lome
47%
Mexico City
47%
Rome
47%
Sao Tome
47%
Vatican City
47%
Beijing
45%
Pyongyang
45%
Addis Ababa
44%
Amsterdam
44%
Juba
44%
Moscow
43%
Tokyo
43%
Copenhagen
42%
Yaren
42%
Buenos Aires
40%
Cairo
40%
Castries
40%
Madrid
40%
Majuro
40%
Saint George's
40%
Yamoussoukro
40%
Basseterre
39%
Harare
39%
Singapore
39%
Sucre
39%
Banjul
37%
Dili
37%
Kabul
37%
Kigali
37%
Seoul
37%
Tripoli
37%
Abu Dhabi
36%
Nairobi
36%
Abuja
35%
Bratislava
34%
Brazzaville
34%
Libreville
34%
Male
34%
Suva
34%
Maputo
33%
Quito
33%
Stockholm
33%
Baghdad
31%
Dakar
31%
Helsinki
31%
Islamabad
31%
Kinshasa
31%
Riga
31%
Ulaanbaatar
31%
Ashgabat
30%
Athens
30%
Caracas
30%
Dhaka
30%
Lusaka
30%
Monaco
30%
Muscat
30%
Rabat
30%
Saint John's
30%
Bridgetown
29%
Freetown
29%
Georgetown
29%
Kingstown
29%
Belgrade
28%
Nay Pyi Taw
28%
Podgorica
28%
Warsaw
28%
Yaounde
28%
Luanda
27%
Santiago
27%
Santo Domingo
27%
Tegucigalpa
27%
Gaborone
26%
Mbabane
26%
Vientiane
26%
Antananarivo
25%
Porto-Novo
25%
Sarajevo
25%
Bangkok
24%
Bissau
24%
Chisinau
24%
Doha
24%
Melekeok
24%
Nassau
24%
Roseau
24%
Colombo
23%
Djibouti
23%
Funafuti
23%
Malabo
23%
Paramaribo
23%
Bern
22%
Brussels
22%
Dushanbe
22%
Reykjavik
22%
San Marino
22%
Algiers
21%
Bucharest
21%
Budapest
21%
Damascus
21%
New Delhi
21%
Vilnius
21%
San Salvador
20%
Bishkek
19%
Jerusalem
19%
Windhoek
19%
Hanoi
18%
Managua
18%
Port-au-Prince
18%
San Jose
18%
Baku
17%
Zagreb
17%
Kiev
16%
Luxembourg
16%
Prague
16%
Nuku'alofa
15%
Bamako
13%
Kuala Lumpur
13%
Lilongwe
13%
Maseru
13%
Minsk
13%
Tbilisi
13%
Khartoum
12%
Moroni
12%
Palikir
12%
Beirut
11%
Riyadh
11%
Mogadishu
10%
Montevideo
10%
Thimphu
10%
Vaduz
10%
Bangui
9%
Kathmandu
9%
Sana'a
9%
Skopje
9%
Taipei
9%
Niamey
8%
Tallinn
8%
Tashkent
8%
Ouagadougou
7%
Port Moresby
7%
Conakry
5%
Phnom Penh
5%
Nouakchott
4%

Score Distribution

Percentile by Number Answered

Percent of People with Each Score

Your Score History

You have not taken this quiz